00341nam a22001337a 450000500170000000800410001702000180005804100080007608200150008410000220009924500430012126000350016430000080019920180131165828.0160427b xxu||||| |||| 00| 0 eng d a81-7446-200-7 aeng b00347a004 aBharihoke, Deepak aFundamentals of Information Technology aNew DelhibExcel Books, c2002 a650